000 00762nab a2200241 u 4500
001 14059
003 HDC
007 cr bn ---aaaaa
008 210214c my dr|nes 0 |0may
040 _aHDC
245 0 _aJakim sahkan minyak sapi QBB halal
260 _a[no place] :
_b[publisher not identified],
_c[no year]
336 _atext
_2rdacontent
337 _acomputer
_2rdamedia
338 _aonline resource
_2rdacarrier
650 _aHalal certificate
_9482
650 _aHalal product
_948
710 _aMETRO
856 _zRequest full-text at [email protected]
942 _2lcc
942 _cNEWS
942 _kNWSO 002978
999 _c11375
_d11375